| 000 | 00662cab a2200253 4500 | ||
|---|---|---|---|
| 001 | X1438 | ||
| 008 | 090401t1994 xxu||||| |||| 00| 0 eng d | ||
| 035 | _a(Sirsi) u17105 | ||
| 041 | _aeng | ||
| 245 | _aGuidance notes for the marine resource manager | ||
| 260 | _c1994 | ||
| 350 | _a0 | ||
| 490 |
_aCSM (Chartered Surveyor Monthly) _v3(7) April 1994, 28-29(2) |
||
| 650 | _aCPD | ||
| 650 | _aINFORMATION SOURCES | ||
| 650 | _aJOURNALS | ||
| 650 | _aMARINE RESOURCE MANAGEMENT SKILLS PANEL | ||
| 650 | _aPROFESSIONAL INSTITUTIONS | ||
| 650 | _aRICS | ||
| 650 | _aSKILLS PANEL | ||
| 690 | _aMARINE RESOURCES | ||
| 942 | _n0 | ||
| 948 | _c04/03/1997 | ||
| 999 |
_c11337 _d11337 |
||